000 01307cam a22003374a 4500
001 12487920
003 OSt
005 20240627112559.0
008 010730s2002 caua b 001 0 eng
010 _a 2001094298
020 _a0122796705 (alk. paper)
040 _cMUST
042 _apcc
082 0 0 _a330
_222
100 1 _aGençay, Ramazan.
_918234
245 1 3 _aAn introduction to wavelets and other filtering methods in finance and economics /
_cRamazan Gençay, Faruk Selçuk, Brandon Whitcher.
260 _aSan Diego, Calif. :
_bAcademic Press,
_cc2002.
300 _axxii, 359 p. :
_bill. ;
_c24 cm.
504 _aIncludes bibliographical references and index.
650 0 _aFinance
_xMathematical models.
_912241
650 0 _aEconomics
_xMathematical models.
_918235
650 0 _aWavelets (Mathematics)
_915565
650 0 _aEconometrics.
_914148
700 1 _aSelçuk, Faruk.
_918236
700 1 _aWhitcher, Brandon.
_918237
856 4 2 _3Publisher description
_uhttp://www.loc.gov/catdir/description/els031/2001094298.html
856 4 1 _3Table of contents
_uhttp://www.loc.gov/catdir/toc/els031/2001094298.html
906 _a7
_bcbc
_corignew
_d2
_eepcn
_f20
_gy-gencatlg
942 _2ddc
_cO_SHELF
999 _c8987
_d8987